Statistics for Kiribati Country Quiz

Click here to take the quiz!

General Stats

  • This quiz has been taken 14,677 times
    (14,637 since last reset)
  • The average score is 10 of 14

Answer Stats

HintAnswer% Correct
Official languagesEnglish
98%
Country from which Kiribati gained its independence in 1979United Kingdom
96%
Each year, Kiribati is the first country to celebrate this holidayNew Year's Day
92%
Country which occupied parts of Kiribati from 1941–1943Japan
91%
Along with the Maldives, Kiribati is one of the countries thought to be most
at-risk from this global phenomenon
Climate change
87%
Country which broke away from Kiribati to become its own nation in 1976Tuvalu
80%
Not counting external territories, Kiribati is the only country in the world which
has territory in all four _________
Hemispheres
78%
Number of mammal species which could be found on the islands prior to human settlement0
77%
Official languagesGilbertese
74%
The islands of Kiribati are atolls, meaning that they are formed from ...Coral reefs
70%
Capital of KiribatiSouth Tarawa
60%
Food product which comprises 91% of exportsFish
56%
Island which accounts for almost half the area of Kiribati, visited by Captain Cook
on 24 December 1777
Kiritimati
(Christmas Island)
43%
Type of bird that appears on the flag of Kiribati (hint: a type of ship){Frigate}bird
29%

Score Distribution

Percentile by Number Answered

Percent of People with Each Score

Your Score History

You have not taken this quiz since the last reset